Normal view
MARC view
- Raveendranathan, Varun
Entry Personal Name
001 - CONTROL NUMBER
- control field: 6189
003 - CONTROL NUMBER IDENTIFIER
- control field: OSt
005 - DATE AND TIME OF LATEST TRANSACTION
- control field: 20240416120624.0
008 - FIXED-LENGTH DATA ELEMENTS
- fixed length control field: 240416|| aca||aabn | a|a d
040 ## - CATALOGING SOURCE
- Original cataloging agency: OSt
- Transcribing agency: OSt
100 ## - HEADING--PERSONAL NAME
- Personal name: Raveendranathan, Varun
670 ## - SOURCE DATA FOUND
- Source citation: Work cat.: (OSt)18082: Raveendranathan, Varun, A Mound strewing machine for Kaipad /, 2024.
